000 00703nam a2200181 a 4500
008 210331s2012 ||||||||||||||||| || u
020 _a9781454806981
050 _aKB 91 Kap
100 _aKaplan, John
245 1 0 _aCriminal law: Cases and materials (7th edition)
_cBy John kaplan; Robert Weisberg; Guyora Binder
250 _a7th edition
260 _aNew York
_bWolters Kluwer Law and Business
_c2012
300 _axxxv, 1121 pages
650 _aCRIMINAL LAW--UNITED STATES--CASES
700 _aWeisberg, Robert
700 _aBinder, Guyora
995 _FCBU-MAIN LIBRARY (Kitwe)
_M1
_UAVAILABLE
_WApr 1, 2021
_ZMain Library Open Access Collection
999 _c39187
_d39187